000
00305nam a22001457a 4500
008
211019b ||||| |||| 00| 0 eng d
020
_a
0314260455
041
_a
eng
080
_2
2nd
_a
341
082
_a
341
100
_a
16
101
_a
JUR
245
_a
Criminal Law
_c
LaFave,W.R
942
_2
udc
_c
BK
999
_c
58270
_d
58270